000 00456nam a2200157Ia 4500
008 240729s9999 xx 000 0 und d
022 _a1883-8022
245 0 _aInternational Journal of Automation Technology
260 _aJapan
260 _bFuji Technology Press Ltd.
650 _a Mechanical engineering and machinery
650 _aTechnology
856 _uhttps://doaj.org/toc/5e7838e0a422411a84fccb14dd8a3013
942 _2ddc
942 _cDOAJEJ
999 _c74819
_d74819
945 _a1
_bMadushi Gamage
_c1
_dMadushi Gamage